| 000 | 00537nam a22001817a 4500 | ||
|---|---|---|---|
| 999 |
_c172152 _d172152 |
||
| 005 | 20200128131850.0 | ||
| 010 | _aA-213218 | ||
| 020 | _c18.00 | ||
| 035 | _aA-213218 | ||
| 037 | _bDBAD/PUB | ||
| 082 | _a843.08 | ||
| 100 | _aمرزا حامد بیگ | ||
| 245 |
_aافسانے کا منظر نامہ / _cمرزا حامد بیگ |
||
| 246 |
_aAfsane ka Mazar Nama (Urdu) / _bby Mirza Hamid Begh |
||
| 260 |
_aAllahabad _c1983 ء _bUrdu Riders |
||
| 300 |
_a203p. _c20cm(Hb) |
||
| 942 |
_2ddc _cUR _h843.08 _mب ی گ |
||